Brooke Shields Filmography - Statistics

General Stats
  • This quiz has been taken 27 times
    4 since last reset
  • The average score is 5 of 261
Answer Stats
Type Year Name % Correct
Film 1980 The Blue Lagoon
75%
Commercial 1980-1981 Calvin Klein Jeans
50%
Film 1981 Endless Love
50%
Film 1978 Pretty Baby
50%
Documentary Mini-Series 2023 Pretty Baby: Brooke Shields
50%
TV Show 1993 The Simpsons
50%
Film 1989 Brenda Starr
25%
TV Show 1996 Friends
25%
TV Show 2022-2024 Impractical Jokers
25%
TV Show 2018 Murphy Brown
25%
Film 1983 Sahara
25%
TV Show 1996-2000 Suddenly Susan
25%
TV Show 1978-1985 The Tonight Show Starring Johnny Carson
25%
Film 1979 Wanda Nevada
25%
TV Special 2003 100 Years of Hope and Humor
0%
TV Special 2002 20 Years of Must See TV
0%
Documentary Series 1995 60 Minutes
0%
TV Show 2020 9-1-1
0%
Film 2021 A Castle for Christmas
0%
Documentary 2012 Addicted to Fame
0%
Film 2014 Adventure Planet
0%
Film 2000 After Sex
0%
TV Film 1974 After the Fall
0%
Film 1976 Alice, Sweet Alice
0%
TV Special 1982 All-Star Birthday Party at Annapolis
0%
TV Special 1981 All-Star Comedy Birthday Party from West Point
0%
TV Special 1981 All-Star Salute to Mother's Day
0%
TV Special 1986 All-Star Tribute to General Jimmy Doolittle
0%
Film 2021 All Underdogs Go to Heaven
0%
TV Show TBA Almost Paradise
0%
Documentary Series 2017 American Masters
0%
TV Short 2013 A Monsterous Holiday
0%
TV Film 1994 An American Love
0%
TV Special 1983 Animals Are the Funniest People
0%
TV Show 2013 Army Wives
0%
Commercial 1984 Arrid Extra Dry Deodorant
0%
Film 1990 Backstreet Dreams
0%
Commercial 1970 Band-Aid
0%
Podcast 2021-2022 Batman: The Audio Adventures
0%
TV Show 2019 Beat Bobby Flay
0%
Short Documentary 2005 Beautiful Music
0%
Documentary Series 2005 Biography
0%
Film 1999 Black and White
0%
TV Special 1984 Blondes vs. Brunettes
0%
TV Special 1980 Bob Hope for President
0%
TV Special 1981 Bob Hope's 30th Anniversary Special
0%
TV Special 1980 Bob Hope's All-Star Look at TV's Prime Time Wars
0%
TV Special 1986 Bob Hope's Bagful of Christmas Cheer
0%
TV Special 1989 Bob Hope's Birthday Spectacular in Paris
0%
TV Special 1985 Bob Hope's Happy Birthday Homecoming (London Royal Gala)
0%
TV Special 1986 Bob Hope's High-Flying Birthday
0%
TV Special 1987 Bob Hope's High-Flying Birthday Extravaganza
0%
TV Special 1983 Bob Hope's Merry Christmas Show
0%
TV Special 1981 Bob Hope's Spring Fling
0%
TV Special 1984 Bob Hope's USO Christmas in Beirut
0%
TV Special 1990 Bob Hope's USO Road to the Berlin Wall and Moscow
0%
TV Special 1993 Bob Hope: The First 90 Years
0%
TV Special 1987 Bob Hope Winterfest Christmas Show
0%
Film 2005 Bob the Butler
0%
Commercial 2003 Bright Beginnings Instant Baby Formula
0%
TV Special 2004 Broadway to Broadway
0%
Commercial 1982 Brooke Shields Doll
0%
Theater 2001 Cabaret
0%
TV Special 1980 Celebrity Challenge of the Sexes 5
0%
Film 2011 Chalet Girl
0%
TV Show 1989 Champ-Elysées
0%
Short TV Documentary 1987 Change of Heart
0%
Theater 2005 Chicago
0%
Commercial 1985 Chicago Health Club
0%
TV Special 1998 Christmas in Washington
0%
TV Special 1979 Circus of the Stars #4
0%
TV Special 1980 Circus of the Stars #5
0%
TV Special 1981 Circus of the Stars #6
0%
TV Special 1982 Circus of the Stars #7
0%
TV Special 1983 Circus of the Stars #8
0%
TV Special 1984 Circus of the Stars #9
0%
Commercial 2006-2010, 2021 Colgate
0%
Commercial 2010 Coppertone's NutraShield
0%
TV Show 2014-2016, 2018 Creative Galaxy
0%
Film 2017 Daisy Winters
0%
TV Show 2025 Dinner with Gavin Rossdale
0%
TV Special 1978 Doug Henning's World of Magic
0%
Commercial 1992 Durasoft Colors Contact Lenses
0%
TV Show 2005 Entourage
0%
Documentary Series 2000 E! True Hollywood Story
0%
TV Documentary 2002 Fear No More: Stop Violence Against Women
0%
TV Film 2016 Flower Shop Mystery: Dearly Depotted
0%
TV Film 2016 Flower Shop Mystery: Mum's the Word
0%
TV Film 2016 Flower Shop Mystery: Snipped in the Bud
0%
Commercial 2012-2014 Foster Grant
0%
Commercial 1989 Foxy Lettuce
0%
Film 1993 Freaked
0%
Film 1996 Freeway
0%
TV Show 2010 Funny or Die Presents...
0%
Film 2010 Furry Vengeance
0%
TV Show 2003 Gary the Rat
0%
TV Special 1986 George Burns' 90th Birthday Party: A Very Special Special
0%
Theater 2011 Girls Talk
0%
TV Film 2019 Glamorous
0%
TV Film 2005 Gone, But Not Forgotten
0%
Film 2024 Gracie and Pedro: Pets to the Rescue
0%
Theater 1994-1995 Grease
0%
TV Show 2012 Guy's Big Bite
0%
TV Show 1992 Hai rok
0%
TV Show 2007, 2008, 2009 Hannah Montana
0%
Film 2009 Hannah Montana: The Movie
0%
TV Special 1983 Happy Birthday, Bob!
0%
TV Special 1988 Happy Birthday, Bob: 50 Stars Salute Your 50 Years with NBC
0%
TV Special 1980 Henry Fonda oder Die Qualität der Prärie
0%
Podcast 2021 Hit Job
0%
Film 2022 Holiday Harmony
0%
TV Special 1998 Hollywood Salutes Easter Seals
0%
TV Special 1988 Hope News Network
0%
TV Film 1993 I Can Make You Love Me
0%
Commercial 1977 Ideal's Tuesday Taylor Doll
0%
Documentary Mini-Series 2002 I Love the '80s
0%
TV Show 2004 I'm with Her
0%
Documentary Series 2001 Intimate Portrait
0%
TV Special 1984 It's Ho-Ho Hope's Jolly Christmas Hour
0%
TV Show 2018-2019 Jane the Virgin
0%
TV Special 1988 Joan Rivers and Friends Salute Heidi Abromowitz
0%
Documentary 1998 Junket Whore
0%
Film 2008 Justice League: The New Frontier
0%
TV Show 2001 Just Shoot Me!
0%
Film 1979 Just You and Me, Kid
0%
Commercial 1982 Kanebo Cosmetics
0%
Film 1978 King of the Gypsies
0%
Documentary 2017 Larger Than Life: The Kevyn Aucoin Story
0%
Commercial 2009-2010 Latisse
0%
TV Show 2006 Law & Order: Criminal Intent
0%
TV Show 2017-2018 Law & Order: Special Victims Unit
0%
Commercial 2010-2018 La-Z-Boy
0%
Theater 2010 Leap of Faith
0%
Documentary 1992 Legends of the West
0%
TV Special 1979 Leif
0%
Documentary 2019 Leonard Soloway's Broadway
0%
TV Show 2008-2009 Lipstick Jungle
0%
Theater 1992, 2023 Love Letters
0%
Theater 2010 Love, Loss, and What I Wore
0%
Documentary 2016 Mapplethorpe: Look at the Pictures
0%
Web Series 2021 Martha Gets Down and Dirty
0%
Documentary 2003 Mayor of the Sunset Strip
0%
TV Special 1980 Men Who Rate a 10
0%
Web Special 2017 Michael Bolton's Big, Sexy Valentine's Day Special
0%
TV Special 2009 Michael Jackson Forever
0%
TV Documentary 2009 Michael Jackson: Life of a Superstar
0%
TV Special 2009 Michael Jackson Memorial
0%
TV Special 2003 Michael Jackson's Private Home Movies
0%
TV Film 2003 Miss Spider's Sunny Patch Kids
0%
TV Show 2019-2021 Momma Named Me Sheriff
0%
Film 2024 Mother of the Bride
0%
TV Special 1988 Moving Images Salutes James Stewart
0%
TV Show 2013-2019 Mr. Pickles
0%
Film 1985 Muppet Video: The Kermit and Piggy Story
0%
Film 2020 My Boyfriend's Meds
0%
Film 2007 National Lampoon's Bag Boy
0%
TV Film 2005 New Car Smell
0%
TV Show 2017 Nightcap
0%
TV Special 1982 Night of 100 Stars
0%
TV Special 1985 Night of 100 Stars II
0%
TV Special 1990 Night of 100 Stars III
0%
Theater 1982 Night of One Hundred Stars
0%
TV Show 2006 Nip/Tuck
0%
TV Film 1995 Nothing Lasts Forever
0%
Podcast 2022-2023 Now What? with Brooke Shields
0%
TV Special 1984 Olympic Gala
0%
Film 2004 Our Italian Husband
0%
Film TBA Out of Order!
0%
Commercial 1985 President & First Lady Health & Racquetball Clubs
0%
TV Show 2008 Project Runway
0%
TV Show 1992 Quantum Leap
0%
Film TBA Quarter
0%
TV Short 2003 Regarding Ardy
0%
Film 1992 Running Wild
0%
TV Special 1984 Salute to Lady Liberty
0%
TV Film 2017 Sas & Jake
0%
Documentary 1997 Scratch the Surface
0%
TV Show 2016 Scream Queens
0%
Commercial 2007 Sleek Essentials
0%
Commercial 2004 Southern California Ford Dealers
0%
Film 1989 Speed Zone
0%
TV Special 1982 Star-Studded Spoof of the New TV Season, G-Rated, with Glamour, Glitter and Gags
0%
Commercial 1992 Starter
0%
TV Special 1984 Super Birthday: A World's Fair Salute to Bob Hope
0%
TV Show 1984 Super Bloopers and Practical Jokes
0%
TV Show 2013 Super Fun Night
0%
TV Show 1993 Tales from the Crypt
0%
Documentary 2010 Teenage Paparazzo
0%
TV Show 2004 That '70s Show
0%
TV Special 2006 That '70s Show Special: The Final Goodbye
0%
Short Film 2011 That Is All
0%
Theater 2003 The 24 Hour Plays 2003
0%
Theater 2004 The 24 Hour Plays 2004
0%
Theater 2009 The 24 Hour Plays 2009
0%
Theater 2011 The Addams Family
0%
TV Film 1998 The Almost Perfect Bank Robbery
0%
Commercial 1981 The American Lung Association
0%
TV Special 1986 The Annual Friars Club Tribute Presents a Salute to Roger Moore
0%
TV Show 2007 The Batman
0%
TV Special 1985 The Bob Hope Christmas Show
0%
TV Special 1980 The Bob Hope Christmas Show and All-Star Comedy Special
0%
TV Special 1981 The Bob Hope Christmas Special
0%
TV Film 2010 The Boy Who Cried Werewolf
0%
TV Show 1979 The Comedy Shop
0%
TV Film 1988 The Diamond Trap
0%
Documentary 2002 The Disenchanted Forest
0%
TV Show 1982 The Doctors
0%
TV Show 1983 The Don Lane Show
0%
TV Show 2019 The Dr. Oz Show
0%
Film 2004 The Easter Egg Adventure
0%
Theater 1986 The Eden Cinema
0%
Theater 2003, 2012 The Exonerated
0%
Theater 2012 The Exorcist
0%
Web Series 2022 The Good Dish
0%
Film 2011 The Greening of Whitney Brown
0%
Film 2013 The Hot Flashes
0%
TV Show 1980 The John Davidson Show
0%
TV Show 1997 The Larry Sanders Show
0%
TV Show 2014 The Michael J. Fox Show
0%
TV Show 2010-2018 The Middle
0%
Film 2008 The Midnight Meat Train
0%
TV Show 1978, 1979 The Mike Douglas Show
0%
Film 1998 The Misadventures of Margaret
0%
TV Show 1980 The Muppet Show
0%
Film 1984 The Muppets Take Manhattan
0%
Film 2010 The Other Guys
0%
Documentary 2005 The Outsider
0%
TV Special 2017 The Paley Center Salutes NBC's 90th Anniversary
0%
Short Film 1994 The Postgraduate
0%
TV Film 1977 The Prince of Central Park
0%
TV Documentary 1993 The Roots of Roe
0%
Film 1994 The Seventh Floor
0%
Documentary 2019 The Soul of the Machine
0%
Theater 2012 The Sound of Music
0%
Theater 2001 The Vagina Monologues
0%
Film 1999 The Weekend
0%
Documentary Series 1989 This Is Your Life
0%
Film 1979 Tilt
0%
TV Show 1984 Tom Jones Now!
0%
TV Show 1990 To Tell the Truth
0%
Documentary 2024 Twiggy
0%
TV Show 2007 Two and a Half Men
0%
Film 2014 Under Wraps
0%
Film 2008 Unstable Fables: Goldilocks & 3 Bears Show
0%
TV Special 1991 Voices That Care
0%
Commercial 2008 Volkswagen
0%
TV Show 1985 Wanna Bet?
0%
Commercial 1981, 1984 Wella
0%
TV Film 1984 Wet Gold
0%
TV Film 2001 What Makes a Family
0%
TV Show 2016 When Calls the Heart
0%
Documentary 2017 When the Bough Breaks: A Documentary About Postpartum Depression
0%
Documentary Series 2010 Who Do You Think You Are?
0%
TV Mini-Series 2002 Widows
0%
Short Film 2013 Wild Horses
0%
TV Special 1982 Women I Love: Beautiful But Funny
0%
Theater 2004-2005 Wonderful Town
0%
TV Show 2022 Would I Lie to You
0%
TV Special 1991 Yellow Ribbon Party
0%
Award Show 1984 Your Choice for the Film Awards
0%
Web Series TBA You're Killing Me
0%
No matching quizzes found
Score Distribution
Percent of People with Each Score
Percentile by Number Answered
Your Score History
You have not taken this quiz since the last reset